000 00773nam a22001817a 4500
003 UA-OsUOA
001 16269
007 ta
008 20031224b un ||||| |||| 00| 0 ukr d
100 _aПогонська В.
942 _cSA
040 _aUA-OsUOA
_cUA-OsUOA
_dUA-OsUOA
245 _aНімецький друг у п'яте завітав до рівнен. школярів
_b[У рівнен. школярів і вчителів німец. мови гостював організатор обміну груп німец. і рівнен. школярів Ю.Пітчель з м.Аугсбурга]
300 _aС.7
955 _a0
773 0 _w0
_tСім днів
_dРівне
_d2003
_g№44/31 жовт./
650 7 _aКраєзнавча робота
_2UDC
999 _c302434
_d302434